000 00285nam a22001337a 4500
008 170627b xxu||||| |||| 00| 0 eng d
020 _a9780321407689
041 _aeng
080 _27TH
_a82
100 _a21
101 _aGJL
245 _aLITERATURE
_cKENNEDY,X.J
942 _2udc
_cBK
999 _c19221
_d19221